000 00338 a2200157 4500
001 194958
020 _a978-85-913205-1-6
040 _cMagnum
100 _aALVES, Marcelo
240 1 0 _aMachado de Assis
_lpor
245 1 0 _aMachado de Assis
300 _a96
362 0 _a2017.
697 _aLITERATURA INFANTO-JUVENIL
942 _cBK
999 _c194958
_d194958